1731 1312 1279 1831 1445 1898 1874 1963 1276 1534 1406 1135 1011 1007 1796 1366 1232 1171 1606 1442 1554 1428 1255 1650 1009 1438 1332 1509 1676 1459 1523 1999 1504 1265 1171 1160 1045 1152 1980 1832 1986 1404 1844 1661 1428 1991 1946 1706 1158 1560 1678 1055 1309 1024 1009 1276 1125 1312 1593 1488 1093 1973 1467 1490 1649 1956 1770 1050 1218 1366 1931 1222 1323 1024 1508 1938 1991 1641 1588 1083 1180 1564 1048 1028 1690 1495 1038 1676 1252 1278 1212 1361 1124 1660 1132 1950 1783 1262 1128 BCNSPRNW ULIB Ver.6.0+V

เปลี่ยนเป็นภาษาไทย

Change to English
 แสดงรายละเอียดบรรณานุกรม
  กลับหน้าหลัก

Brief Record : Get Marc (ISO 2709) : E-mail record : QR code < ปิดหน้าต่าง
LEADER : 00000nam 2200000uu 4500
001    13399124645
003     ULIB
008    151110s2553||||th 000 0 tha d
020    ^a9786167052088
090    ^aนว.^bร388ฮ ล.2
100    ^aรัศมีจันทร์
245    ^aไฮโซติดเกาะ ตอน ฝนพรำในวสันตฤดู เล่ม 2/^cรัศมีจันทร์
250    ^aพิมพ์ครั้งที่ 1
260    ^aกรุงเทพฯ :^bณ บ้านวรรณกรรม,^c2553
300    ^a376 หน้า
710 1  ^aณ บ้านวรรณกรรม
945    ^p240^l0^i026741
999    ^aเกษร โพธิ์สุวรรณ
รายการนี้ยังไม่มีแท็ก
คุณยังไม่ได้ล็อกอิน คุณสามารถมีกิจกรรมร่วมกับเว็บไซต์ได้ แต่ต้องล็อกอินก่อน ::
  ล็อกอิน

รายการสื่อสารสนเทศ

ลำดับที่ ประเภท เลขเรียก/บาร์โค้ด สถานที่ สถานะ
1. นวนิยาย
นวนิยาย
นว. ร388ฮ ล.2 ฉ.1 
  Barcode: 026741
ห้องสมุดวิทยาเขตสวรรค์ประชารักษ์
►นวนิยาย
บนชั้น
  ขอยืม

รายการใกล้เคียง
    ผู้แต่ง [รัศมีจันทร์]

BibComment


ยังไม่เคยถูกคอมเมนท์

คอมเมนท์ทรัพยากรรายการนี้
  คอมเมนท์: ไฮโซติดเกาะ ตอน ..


 Copyright 2026. Bcnsprnw @Library